Working papers for use with financial accounting. / (Record no. 1127)

MARC details
000 -LEADER
fixed length control field 01336nam a22001937a 4500
008 - FIXED-LENGTH DATA ELEMENTS--GENERAL INFORMATION
fixed length control field 120606t xxu||||| |||| 00| 0 eng d
020 ## - INTERNATIONAL STANDARD BOOK NUMBER
International Standard Book Number 0072529180
050 ## - LIBRARY OF CONGRESS CALL NUMBER
Classification number HF5635.W66
100 ## - MAIN ENTRY--PERSONAL NAME
Personal name Williams, Jan R.
245 ## - TITLE STATEMENT
Title Working papers for use with financial accounting. /
Statement of responsibility, etc. Jan R. Williams, Susan F. Haka and Mark S. Bettner.
250 ## - EDITION STATEMENT
Edition statement 11th ed.
260 ## - PUBLICATION, DISTRIBUTION, ETC.
Place of publication, distribution, etc. New York:
Name of publisher, distributor, etc. McGraw Hill,
Date of publication, distribution, etc. c2003.
300 ## - PHYSICAL DESCRIPTION
Extent 295p.:
Other physical details ill.;
Dimensions 27cm.
505 ## - FORMATTED CONTENTS NOTE
Formatted contents note Contents: Accounting: information for decision making -- Basic financial statements -- The Accounting cycle: capturing economic events -- The Accounting cycle: accruals and deferrals -- The Accounting cycle: reporting financial results -- Comprehensive problem 1: west branch rent all -- Merchandising activities -- Financial assets -- Inventories and the cost of goods sold -- Comprehensive problem 2: guitar universe, inc. -- Plant and intangible assets -- Liabilities -- Stockholders' equity: paid-in capital -- Income and changes in retained earnings -- Statement of cash flows -- Financial statement analysis -- Comprehensive problem 3: tootsie roll industries, inc. -- Global business and accounting -- The Time value of money: future amounts and present values.
650 ## - SUBJECT ADDED ENTRY--TOPICAL TERM
Topical term following geographic name entry element Financial accounting.
700 ## - ADDED ENTRY--PERSONAL NAME
Personal name Haka, Susan F.
700 ## - ADDED ENTRY--PERSONAL NAME
Personal name Bettner, Mark S.
942 ## - ADDED ENTRY ELEMENTS (KOHA)
Source of classification or shelving scheme Library of Congress Classification
Koha item type Books
Holdings
Withdrawn status Lost status Source of classification or shelving scheme Damaged status Not for loan Home library Current library Shelving location Date acquired Total Checkouts Full call number Barcode Date last seen Price effective from Koha item type
    Library of Congress Classification     WISCONSIN INTERNATIONAL UNIVERSITY COLLEGE, GHANA - MAIN LIBRARY WISCONSIN INTERNATIONAL UNIVERSITY COLLEGE, GHANA - MAIN LIBRARY General Stacks 06/06/2012   HF5635.W66 2935/12 06/06/2012 06/06/2012 Books

If you have any concerns or questions; kindly contact the library


© Powered by WIUC ICT DIRECTORATE